La democracia en América Latina /

En esta investigación se aborda el tema del estado de la democracia en América Latina. Según el autor, Costa Rica es el único país democrático, el resto de los países centroamericanos todavía se encuentran en tránsito hacia la misma. A lo largo de la historia los gobiernos de América del Sur han asu...

Descripció completa

Guardat en:
Dades bibliogràfiques
Autor principal: Magallón Anaya, Mario (autor)
Format: Llibre
Idioma:espanyol
Publicat: México : Plaza y Valdés, 2003, c2003
Col·lecció:(Democracia y Cultura)
Matèries:
Etiquetes: Afegir etiqueta
Sense etiquetes, Sigues el primer a etiquetar aquest registre!

MARC

LEADER 00000nam^a2200000^a^4500
001 000156630
005 20250521000000.0
009 20260310100511.418
020 |a 970-722-162-3 
037 |a Acervo ITESO - Biblioteca 
041 |a ESP 
082 |a 320. 980  |b MAG 
100 |a Magallón Anaya, Mario  |e (autor) 
245 1 3 |a La democracia en América Latina /  |c M. Magallón Anaya. 
264 4 |a México :  |b Plaza y Valdés,  |c 2003, c2003 
300 |a 427 p. 
336 |a texto  |b txt  |2 rdacontenido 
337 |a sin mediación  |b n  |2 rdamedio 
338 |a volumen  |b nc  |2 rdasoporte 
440 1 |a (Democracia y Cultura) 
520 |a En esta investigación se aborda el tema del estado de la democracia en América Latina. Según el autor, Costa Rica es el único país democrático, el resto de los países centroamericanos todavía se encuentran en tránsito hacia la misma. A lo largo de la historia los gobiernos de América del Sur han asumido posiciones políticas diversas: populistas, desarrollistas, militares, autoritaria, y las llamadas democracias autoritarias, hasta llegar a los procesos de transición hacia la democracia. Entre las causas que provocaron la existencia de la misma en latinoamérica están: la ampliación y apertura del mercado, el incremento del capital especulativo y de inversión, el adelgazamiento del estado con la venta de sus propiedades, el rompimiento de las estructura corporativa de los sindicatos, la reducción de los derechos sociales y de los beneficios colectivos, desempleo, pobreza, marginación, hambre, y la presión de la deuda externa. 
649 |a XX 
650 |a Democracia -  |z Latinoamérica 
650 |a Populismo -  |z Latinoamérica 
650 |a Neoliberalismo -  |z Latinoamérica 
650 |a Realismo (Política) 
650 |a Filosofía Política -  |z Latinoamérica 
650 |a Transición Política -  |z Latinoamérica 
650 |a Globalización 
650 |a Diversidad Cultural -  |z Latinoamérica 
650 |a Identidad Cultural -  |z Latinoamérica 
650 |a Cultura -  |z Latinoamérica 
650 |a Sociedad Civil -  |z Latinoamérica 
650 |a Latinoamérica -  |x Condiciones Sociales y Culturales 
650 |a Latinoamérica -  |x Condiciones Políticas 
910 |a Fondo General 
920 |a Impresos - Libros 
930 |a Colección General 
905 |a 101 
901 |a 0500085259  |b IT1  |c ACC  |u 20250521 
902 |a https://opac.biblio.iteso.mx/vufind/Record/000156630